000 00724cam a2200241 a 4500
001 000009224
005 20200929161525.0
008 860828s1971 ck a 001 0 ita d
035 _a(DLC) 38018674
035 _a(OCoLC)14159411
040 _aDO-SdBNP
_bspa
_cOCU
_dBNPHU
082 _a945
_bG643h, 1971.
100 1 _aGonzález, Fernando de
_923919
245 1 3 _aEl hermafrodita dormido /
_cFernando de González.
250 _a2a. ed.
260 _aMedellín, (Colombia) :
_bBedout,
_c1971.
300 _a222 p :
_bil. ;
_c19 cm.
490 1 _aBolsilibros Bedout
_v94
651 4 _aItalia
_xDescripción Viaje
_923920
830 0 _aBolsilibros Bedout ;
_v94
_93750
910 _aCatalogación derivada.
049 _aBNGR
999 _c8987
_d8987